Congressional Liaison Offices of selected federal agencies /

Bibliographic Details
Main Author: Marshall, Kathy L.
Corporate Author: Library of Congress. Congressional Research Service
Format: Microform Book
Language:English
Published: [Washington, D.C.] : Congressional Research Service, Library of Congress, [1993]
Series:Major studies and issue briefs of the Congressional Research Service. Supplement ; 1993, reel 10, fr. 00001.
Subjects:

MARC

Tag First Indicator Second Indicator Subfields
LEADER 00000cam a2200000 a 4500
001 in00001296913
005 20151004092703.0
007 hd afa014baca
008 941228s1993 dcu a f001 0 eng d
035 |a (OCoLC)31747445 
035 |9 AGZ7410AM 
040 |a UP3  |c UP3  |d UtOrBLW 
043 |a n-us--- 
049 |a TXAI 
090 |a JK1108  |b .M35 Suppl. 1993 reel 10 
099 |a Film   |a  S   |a  1717 1993, reel 10, fr. 00001. 
100 1 |a Marshall, Kathy L. 
245 1 0 |a Congressional Liaison Offices of selected federal agencies /  |c Kathy L. Marshall. 
264 1 |a [Washington, D.C.] :  |b Congressional Research Service, Library of Congress,  |c [1993] 
300 |a 37 pages ;  |c 28 cm. 
336 |a text  |b txt  |2 rdacontent 
337 |a microform  |b h  |2 rdamedia 
338 |a microfilm reel  |b hd  |2 rdacarrier 
500 |a Cover title. 
500 |a At head of title: CRS report for Congress. 
500 |a "Revised April 12, 1993." 
500 |a "For congressional use only." 
500 |a "93-412 PGM." 
500 |a Includes index. 
533 |a Microfilm.  |b Arlington, Va. :  |c University Publications of America,  |d 1994.  |e on 1 microfilm reel ; 35 mm. Low reduction.  |f (Major studies and issue briefs of the Congressional Research Service. 1993 supplement ; reel 10, fr. 00001). 
500 |a Microform. 
650 0 |a Administrative agencies  |z United States  |v Directories. 
650 0 |a Executive departments  |z United States  |v Directories. 
710 2 |a Library of Congress.  |b Congressional Research Service. 
830 0 |a Major studies and issue briefs of the Congressional Research Service.  |p Supplement ;  |v 1993, reel 10, fr. 00001. 
999 |a MARS 
999 f f |s 08aab42b-492c-3a0f-a05f-2534fec176fd  |i 4f12ab4e-bcf6-34ca-b3ea-e02e6c8de6e3  |t 0 
952 f f |p default  |a Texas A&M University  |b College Station  |c Sterling C. Evans Library  |d Evans: Microforms (3rd floor)  |t 0  |e Film S 1707 1993, reel 10 fr. 00001  |h Other scheme  |i microform -- microfilm reel 
998 f f |a Film S 1707 1993, reel 10 fr. 00001  |t 0  |l Evans: Microforms (3rd floor)